Cơ sở kỹ thuật điều tiết không khí
Guardat en:
| Autor principal: | |
|---|---|
| Altres autors: | |
| Format: | Llibre |
| Idioma: | Undetermined |
| Publicat: |
H.
Khoa học và kỹ thuật Hà Nội
1997
|
| Matèries: | |
| Accés en línia: | http://lrc.tdmu.edu.vn/opac/search/detail.asp?aID=2&ID=3538 |
| Etiquetes: |
Afegir etiqueta
Sense etiquetes, Sigues el primer a etiquetar aquest registre!
|
| Thư viện lưu trữ: | Trung tâm Học liệu Trường Đại học Thủ Dầu Một |
|---|
| LEADER | 00664nam a2200205Ia 4500 | ||
|---|---|---|---|
| 001 | TDMU_3538 | ||
| 008 | 210410s9999 xx 000 0 und d | ||
| 082 | |a 697.9 | ||
| 090 | |b H11 | ||
| 100 | |a Hà, Đăng Trung | ||
| 245 | 0 | |a Cơ sở kỹ thuật điều tiết không khí | |
| 245 | 0 | |c Hà Đăng trung, Nguyễn Quân | |
| 260 | |a H. | ||
| 260 | |b Khoa học và kỹ thuật Hà Nội | ||
| 260 | |c 1997 | ||
| 300 | |a 288tr. | ||
| 650 | |a Thông gió | ||
| 700 | |a Nguyễn, Quân | ||
| 856 | |u http://lrc.tdmu.edu.vn/opac/search/detail.asp?aID=2&ID=3538 | ||
| 980 | |a Trung tâm Học liệu Trường Đại học Thủ Dầu Một | ||